Battered children grown up : a follow-up study of individuals severely maltreated as children (Record no. 63199)
[ view plain ]
| 000 -CABECERA | |
|---|---|
| campo de control de longitud fija | 00621nam a2200205 a 4500 |
| 005 - FECHA Y HORA DE LA ÚLTIMA TRANSACCIÓN | |
| campo de control | 20210219152906.0 |
| 008 - ELEMENTOS DE LONGITUD FIJA--INFORMACIÓN GENERAL | |
| campo de control de longitud fija | 991125n 000 0 eng u |
| 035 ## - NÚMERO DE CONTROL DEL SISTEMA | |
| Número de control de sistema | UPN01000065921 |
| 100 ## - ASIENTO PRINCIPAL--NOMBRE PERSONAL | |
| Nombre de persona | Martin, Judith A. |
| 222 ## - TÍTULO CLAVE | |
| Título clave | CHILD ABUSE AND NEGLECT : |
| Información calificativa | THE INTERNATIONAL JOURNAL |
| 245 ## - MENCIÓN DE TÍTULO | |
| Título | Battered children grown up : a follow-up study of individuals severely maltreated as children |
| 300 ## - DESCRIPCIÓN FÍSICA | |
| Extensión | 75-88 |
| 362 ## - FECHAS DE PUBLICACIÓN Y/O DESIGNACIÓN SECUENCIAL | |
| Fecha de publicación y/o designación secuencial | 1992 16, no. 1 |
| 653 0# - TERMINO DE INDIZACION - NO CONTROLADO | |
| Término no controlado | ADULTOS |
| 653 0# - TERMINO DE INDIZACION - NO CONTROLADO | |
| Término no controlado | CARACTERISTICAS INDIVIDUALES |
| 653 0# - TERMINO DE INDIZACION - NO CONTROLADO | |
| Término no controlado | NIÑO MALTRATADO |
| 700 ## - ASIENTO SECUNDARIO--NOMBRE DE PERSONAL | |
| Nombre de persona | Elmer, Elizabeth |
| 904 ## - ELEMENTOS DE DATOS D LOCAL, LDD (RLIN) | |
| a | AC |
| b | 003732 |
| 905 ## - TIPO DE MATERIAL | |
| Tipo de material | Articulo |
No items available.
